000 00427cam a2200169ua 4500
020 _c1.50
041 _amal
_h
082 _a410
_bGOV/BA
100 _aGovindan Kutty Nair, Ullattil.
245 _aBashayum gaveshanavum /
_cUllattil Govindan Kutty Nair.
_hTextual Documents
260 _aCalicut :
_bK R Brothers ,
_c1958.
300 _a152 ; .
365 _a1.50
504 _a
942 _cBK
999 _c5043
_d5043